Delimitation and Dalits (Record no. 57496)

000 -LEADER
fixed length control field 00318pab a2200145 454500
008 - FIXED-LENGTH DATA ELEMENTS--GENERAL INFORMATION
fixed length control field 180718b2003 xxu||||| |||| 00| 0 eng d
100 ## - MAIN ENTRY--PERSONAL NAME
Personal name Verma, A.K.
245 ## - TITLE STATEMENT
Title Delimitation and Dalits
260 ## - PUBLICATION, DISTRIBUTION, ETC.
Date of publication, distribution, etc. 2003
300 ## - PHYSICAL DESCRIPTION
Extent p.26-27.
362 ## - DATES OF PUBLICATION AND/OR SEQUENTIAL DESIGNATION
Dates of publication and/or sequential designation 2 Aug
650 ## - SUBJECT ADDED ENTRY--TOPICAL TERM
Topical term or geographic name entry element Elections
773 ## - HOST ITEM ENTRY
Main entry heading Mainstream
909 ## -
-- 57496
Holdings
Withdrawn status Lost status Damaged status Not for loan Permanent Location Current Location Date acquired Serial Enumeration / chronology Barcode Date last seen Price effective from Koha item type
        Indian Institute of Public Administration Indian Institute of Public Administration 2018-07-19 Volume no: 41, Issue no: 33 AR57941 2018-07-19 2018-07-19 Articles

Powered by Koha